00502nam a22001337a 4500008004100000082001600041110003700057245009600094260004700190300000900237942001200246999001500258952009500273230620b xxu||||| |||| 00| 0 eng d a324.96bOWI bInstitute of Education Democracy aEnhancing the Electoral Process in KenyabA Report on the transition General Elections 2002 binstitute for education in Democracyc2003 a179p 2ddccBK c1925d1925 00102ddc4070a002b002d2023-06-20l0o324.96 OWIp10014067r2023-06-20w2023-06-20yBK